Countries of Arsenal Players - Statistics

General Stats
  • This quiz has been taken 26 times
  • The average score is 55 of 65
Answer Stats
Year Country % Correct
1997 Argentina
100%
1999 Brazil
100%
2014 Colombia
100%
1992 Denmark
100%
1992 England
100%
1996 France
100%
1992 Ireland
100%
1992 Norway
100%
1997 Portugal
100%
1992 Scotland
100%
2003 Spain
100%
1992 Sweden
100%
2020 Australia
95%
2009 Belgium
95%
2014 Chile
95%
1997 Germany
95%
2001 Greece
95%
2003 Iceland
95%
2005 Italy
95%
2010 Morocco
95%
1994 Netherlands
95%
2007 Poland
95%
2008 Russia
95%
2003 Switzerland
95%
1994 Wales
95%
2015 Egypt
91%
2001 Japan
91%
2005 Mexico
91%
1992 Northern Ireland
91%
1999 Ukraine
91%
2003 United States
91%
2015 Algeria
86%
2003 Czech Republic
86%
2005 Senegal
86%
2011 South Korea
86%
2010 Turkey
86%
2018 Uruguay
86%
2017 Armenia
82%
2005 Belarus
82%
2000 Cameroon
82%
1999 Croatia
82%
2014 Finland
82%
2003 Ghana
82%
2001 Ivory Coast
82%
2023 Jamaica
82%
1997 Austria
77%
2011 Costa Rica
77%
1998 Nigeria
77%
2021 Tunisia
77%
2024 Albania
73%
2010 DR Congo
73%
2005 Estonia
73%
2004 Iran
73%
2017 Romania
73%
2017 Bosnia and Herzegovina
68%
2010 China
68%
2017 Gabon
68%
2000 Latvia
68%
2005 Togo
68%
2009 Bolivia
55%
1998 Guinea
55%
2000 Lithuania
55%
2016 North Macedonia
55%
2002 Trinidad and Tobago
50%
1997 Liberia
32%
No matching quizzes found
Score Distribution
Percent of People with Each Score
Percentile by Number Answered
Your Score History
You have not taken this quiz